Detalles MARC
| 000 -CABECERA |
| Longitud fija campo de control |
01605nam a2200325Ia 4500 |
| 005 - • FECHA Y HORA DE LA ÚLTIMA TRANSACCIÓN |
| Fecha y hora de la última transacción |
20220317000533.0 |
| 008 - • CÓDIGOS DE INFORMACIÓN DE LONGITUD FIJA |
| Códigos de información de longitud fija |
160601s9999 xx 000 0 und d |
| 020 ## - • NÚMERO INTERNACIONAL NORMALIZADO PARA LIBROS |
| Número Internacional Normalizado para Libros (ISBN) |
9507540873 |
| 040 ## - FUENTE DE LA CATALOGACIÓN |
| Centro catalogador de origen |
CO-BoRNBP |
| Lengua de catalogación |
spa |
| Normas de descripción |
rda |
| Centro transcriptor |
CO-BoRNBP |
| 084 ## - • Clasificación Local Alfanúmerica PNLB |
| Número de clasificación |
C CUE59 |
| 245 10 - • TITULO PROPIAMENTE DICHO |
| Título |
Cuentos mágicos irlandeses |
| Mención de responsabilidad, etc. |
selección y traducción Roberto Rosaspini Reynolds |
| 250 ## - • MENCIÓN DE EDICIÓN |
| Mención de edición |
2a. edición |
| 264 ## - PRODUCCIÓN, PUBLICACIÓN , DISTRIBUCIÓN, FABRICACIÓN Y COPYRIGHT |
| Lugar de producción, publicación, distribución, fabricación |
Buenos Aires |
| Nombre del productor, editor, distribuidor, fabricante |
Continente |
| Fecha de de producción, publicación, distribución, fabricación o copyright |
2003 |
| 300 ## - • DESCRIPCIÓN FÍSICA |
| Extensión |
127 págianas |
| Otras características físicas |
ilustraciones |
| Dimensiones |
23 cm |
| 336 ## - TIPO DE CONTENIDO |
| Término de tipo de contenido |
texto |
| Código de tipo de contenido |
txt |
| Fuente |
rdacontent |
| 337 ## - TIPO DE MEDIO |
| Nombre del tipo de medio |
sin mediación |
| Código del tipo de medio |
n |
| Fuente |
rdamedia |
| 338 ## - TIPO DE SOPORTE |
| Nombre del tipo de soporte |
volumen |
| Código del tipo de soporte |
nc |
| Fuente |
rdacarrier |
| 490 ## - • MENCIÓN DE SERIE |
| Mención de serie |
Mitos, cuentos y leyendas |
| 500 ## - • NOTA GENERAL |
| Nota general |
Subtítulo en la carátula: Relatos celtas de hadas y duendes |
| 504 ## - • NOTA DE BIBLIOGRAFÍA, ETC |
| Nota de bibliografía, etc. |
Incluye bibliografía |
| 505 ## - • NOTA DE CONTENIDO CON FORMATO |
| Nota de contenido con formato |
La fuenet de D'yerre-in-Dowan -- La leyenda del lago de Inchigin -- Beswarragal -- Las peripecias de Jack Barrett, el gaitero -- Cuerpo-sin-cabeza -- Sheelah-na-Skeann -- El rey de los Osos -- La esposa astuta -- Tres hermanos, tres hermanas -- El maestro de ladrones |
| 650 14 - • PUNTO DE ACCESO ADICIONAL DE MATERIA - TÉRMINO DE MATERIA |
| Fuente del encabezamiento o término |
LEMB |
| Término de materia o nombre geográfico como elemento inicial |
Cuentos irlandeses |
| 650 14 - • PUNTO DE ACCESO ADICIONAL DE MATERIA - TÉRMINO DE MATERIA |
| Fuente del encabezamiento o término |
LEMB |
| Término de materia o nombre geográfico como elemento inicial |
Literatura irlandesa |
| 650 14 - • PUNTO DE ACCESO ADICIONAL DE MATERIA - TÉRMINO DE MATERIA |
| Fuente del encabezamiento o término |
LEMB |
| Término de materia o nombre geográfico como elemento inicial |
Hadas en la literatura |
| 650 14 - • PUNTO DE ACCESO ADICIONAL DE MATERIA - TÉRMINO DE MATERIA |
| Fuente del encabezamiento o término |
LEMB |
| Término de materia o nombre geográfico como elemento inicial |
Dragones en la literatura |
| 650 14 - • PUNTO DE ACCESO ADICIONAL DE MATERIA - TÉRMINO DE MATERIA |
| Fuente del encabezamiento o término |
LEMB |
| Término de materia o nombre geográfico como elemento inicial |
Fantasmas en la literatura |
| 700 1# - • PUNTO DE ACCESO ADICIONAL - NOMBRE DE PERSONA |
| Nombre de persona |
Reynolds, Roberto Rosaspini |
| 740 ## - • PUNTO DE ACCESO ADICIONAL - TÍTULO RELACIONADO O ANALÍTICO NO CONTROLADO |
| Título relacionado o analítico no controlado |
La fuente de D yerree-in-Dowan;\\ |
| -- |
La leyenda del lago de Inchigin;\\ |
| -- |
Beswarragal;\\ |
| -- |
Las peripecias de Jack Barrett, el gaitero;\\ |
| -- |
Cuerpo-sin-cabeza;\\ |
| -- |
Sheelah-na-Skeann;\\ |
| -- |
El rey de los Osos;\\ |
| -- |
La esposa astuta;\\ |
| -- |
Tres hermanos, tres hermanas; |
| 942 ## - ENTRADA DE ELEMENTOS AGREGADOS (KOHA) |
| Fuente de clasificaión o esquema |
|
| Koha [por defecto] tipo de item |
Libro Literatura |